Proyecto para la implementación de un Call Center en Guadalajara para la compañía Freescale Semiconductors /
Zapisane w:
| 1. autor: | |
|---|---|
| Format: | Praca dyplomowa Książka |
| Język: | hiszpański |
| Hasła przedmiotowe: | |
| Etykiety: |
Nie ma etykietki, Dołącz pierwszą etykiete!
|
MARC
| LEADER | 00000nam^a2200000^a^4500 | ||
|---|---|---|---|
| 001 | 000183538 | ||
| 005 | 20250521000000.0 | ||
| 009 | 20260310102044.712 | ||
| 037 | |a Acervo ITESO - Biblioteca | ||
| 041 | |a ESP | ||
| 090 | |a MAD. 110 | ||
| 100 | |a Mireles Miranda, José Antonio |e (autor) | ||
| 245 | 1 | 0 | |a Proyecto para la implementación de un Call Center en Guadalajara para la compañía Freescale Semiconductors / |c J.A. Mireles Miranda. |
| 264 | |a Guadalajara, México : |b edición de autor, |c 2005 | ||
| 300 | |a 1 disco compacto de computadora | ||
| 336 | |a datos para computadora |b cod |2 rdacontenido | ||
| 337 | |a computadora |b c |2 rdamedio | ||
| 338 | |a disco de computadora |b cd |2 rdasoporte | ||
| 502 | |a ITESO Reporte de Posgrado para Maestría en Administración | ||
| 649 | |a XX | ||
| 650 | |a Administradores - |x Prácticas Profesionales | ||
| 650 | |a Semiconductores - |x Industria y Comercio | ||
| 650 | |a Industria Electrónica - |z Guadalajara, Jalisco - |x Administración | ||
| 650 | |a Industria Electrónica - |z Jalisco - |x Administración | ||
| 650 | |a Industria Electrónica - |z México - |x Administración | ||
| 650 | |a Atención al Cliente | ||
| 650 | |a Relaciones Públicas | ||
| 650 | |a Comunicación Organizacional | ||
| 650 | |a Promoción del Producto | ||
| 650 | |a Mercadotecnia | ||
| 650 | |a Administración del Producto | ||
| 650 | |a Administración | ||
| 650 | |a Ciencias Administrativas - |x Prácticas Profesionales | ||
| 910 | |a Fondo General | ||
| 920 | |a Electrónicos - Tesis del ITESO en Disco | ||
| 905 | |a 202 | ||
| 901 | |a 0500124187 |b IT2 |c STS |u 20250521 | ||
| 902 | |a https://opac.biblio.iteso.mx/vufind/Record/000183538 | ||